000 005410000a22001930004500
999 _c48968
_d48968
001 1812
003 CO-MdFUSB
005 20180411155205.0
008 180411b xxu||||| |||| 00| 0 eng d
020 _a84-8055-75-1
040 _cCO-MdBIC
082 0 4 _a503 C89a
245 1 0 _aAtlas de anatomía : el cuerpo y la salud /
250 _aEdición MMVII
260 _aBarcelona : Cultural
300 _a112 P.
650 1 4 _aCuerpo humano \ Anatomía humana \ Salud \ Evolución humana \ Ciclos biológicos \ Envejecimiento
942 _cLGB